Library Banner

Time series analysis : (Record no. 111089)

MARC details
000 -LEADER
fixed length control field 00677cam a2200217 i 4500
001 - CONTROL NUMBER
control field 19369812
005 - DATE AND TIME OF LATEST TRANSACTION
control field 20190304102946.0
008 - FIXED-LENGTH DATA ELEMENTS--GENERAL INFORMATION
fixed length control field 161110s2017 njua b 001 0 eng
020 ## - INTERNATIONAL STANDARD BOOK NUMBER
International Standard Book Number 9781119132097 (cloth)
020 ## - INTERNATIONAL STANDARD BOOK NUMBER
International Standard Book Number 1119132096 (cloth)
040 ## - CATALOGING SOURCE
Transcribing agency PK-LaUMT
082 00 - DEWEY DECIMAL CLASSIFICATION NUMBER
Classification number 519.55
Edition number 23
Item number TAN-T
100 1# - MAIN ENTRY--PERSONAL NAME
Personal name Tanaka, Katsuto
245 10 - TITLE STATEMENT
Title Time series analysis :
Remainder of title nonstationary and noninvertible distribution theory /
Statement of responsibility, etc by Katsuto Tanaka
250 ## - EDITION STATEMENT
Edition statement 2nd ed.
260 ## - PUBLICATION, DISTRIBUTION, ETC. (IMPRINT)
Place of publication, distribution, etc Hoboken :
Name of publisher, distributor, etc John Wiley,
Date of publication, distribution, etc 2017
300 ## - PHYSICAL DESCRIPTION
Extent xiv, 889 p. :
Other physical details illustrations ;
Dimensions 25 cm.
490 0# - SERIES STATEMENT
Series statement Wiley series in probability and statistics
650 #0 - SUBJECT ADDED ENTRY--TOPICAL TERM
Topical term or geographic name as entry element Time-series analysis.
942 ## - ADDED ENTRY ELEMENTS (KOHA)
Koha item type Books
Holdings
Withdrawn status Lost status Damaged status Home library Current library Date acquired Full call number Barcode Date last seen Price effective from Koha item type
      UMT Main Campus UMT Main Campus 2019-03-04 519.55 TAN-T 128086 2021-02-16 2019-03-04 Books